• 首页
  • 本馆介绍
  • 公告通知
  • 最新文献
  • 馆藏检索
  • 电子资源
  • 读者导购
  • 参考咨询
  • 我的图书馆
  • 登录
  • 详细信息显示
  • 放入我的书架
  • 预约/预借图书
  • 作者相关作品
  • 分类相关作品
  • 丛书相关作品
  • 出版社相关作品

书目信息

  • 表格格式
  • 工作单格式
  • 卡片格式
题名:
固体力学引论
    
 
作者: 波波夫 著 ;王士耕 , 韩二丽 译
分册:  
出版信息: 北京   人民邮电出版社  1985.12
页数: 413页
开本: 26cm
丛书名:
单 册:
中图分类: TB301
科图分类:
主题词: 工程材料
电子资源:
ISBN:
000 00597nam0 2200217 45
001 0312221749
005 20031222170908.6
010    @dCNY5.70
100    @a20031222d1985 km y0chiy0120 ea
101    @achi
105    @a z 000yy
200 1  @a固体力学引论@AGu Ti Li Xue Yin Lun@f(美)波波夫著@F(Mei)Bo Bo Fu Zhu@g王士耕,韩二丽译
210    @a北京@c人民邮电出版社@d1985.12
215    @a413页@d26cm
606 0  @a工程材料
690    @aTB301@v3
701 0  @a波波夫@4著
702 0  @a王士耕@4译
702 0  @a韩二丽@4译
801    @aCN@bTSTCL@c20031222
905    @a213230@dTB301@e112@b153918-919@f2
    
    固体力学引论/(美)波波夫著/王士耕,韩二丽译.-北京:人民邮电出版社,1985.12
    413页;26cm
    
    
    ISBN :CNY5.70
    
●
相关链接 在E读中查询图书 在五车中查询图书 在当当中查询图书 在豆瓣中查询图书


正题名:固体力学引论     索取号:TB301/112         预约/预借

序号 登录号 条形码 馆藏地/架位号 状态 备注
1 0153918   001359265   第三借阅区/ [索取号:TB301/112] 在馆    
2 0153919   001359229   第二样本阅览室/ [索取号:TB301/112] 在馆    
唐山师范学院图书馆 欢迎您!
大连网信软件有限公司© 版权所有